Villes de Nouvelle-Zélande - Statistiques

Statistiques générales
  • Ce quiz a été pris 19 fois
  • Le résultat moyen est 4 sur 10
Statistiques - réponses
Hint Réponse % Correct
2 Wellington
100%
1 Auckland
94%
3 Christchurch
61%
7 Dunedin
39%
4 Hamilton
39%
10 Rotorua
11%
5 Tauranga
11%
6 Napier-Hastings
0%
9 Nelson
0%
8 Palmestorn North
0%
Aucun quiz correspondant
Distribution des résultats
% des personnes avec chaque résultat
Percentile par nombre de réponses
Votre historique - résultats
Vous n’avez pas pris ce quiz